| 000 | 01249cam a22003138a 4500 | ||
|---|---|---|---|
| 001 | 13462601 | ||
| 005 | 20101019114854.0 | ||
| 008 | 040120s2004 nyu b 001 0 eng | ||
| 010 | _a2004001226 | ||
| 020 | _a0419262105 (hb : alk. paper) | ||
| 040 |
_aDLC _cDLC _dDLC |
||
| 042 | _apcc | ||
| 050 | 0 | 0 |
_aTH443 _b.L56 2004 |
| 082 | 0 | 0 |
_a690.22 _222 _bLIN |
| 100 | 1 |
_aLingard, Helen. _923112 |
|
| 245 | 1 | 0 |
_aOccupational Health and Safety in Construction Project Management / _cHelen Lingard & Steve Rowlinson. |
| 260 |
_aNew York, NY : _bSpon Press, _c2004. |
||
| 263 | _a0408 | ||
| 300 |
_axvi, 440 p. : _bill. ; _c24 cm. |
||
| 504 | _aIncludes bibliographical references and index. | ||
| 650 | 0 |
_aBuilding _xSafety measures. _923113 |
|
| 653 |
_bCiv _cApril2011 |
||
| 700 | 1 |
_aRowlinson, Stephen M. _923114 |
|
| 856 | 4 | 1 |
_3Table of contents only _uhttp://www.loc.gov/catdir/toc/ecip0414/2004001226.html |
| 856 | 4 | 2 |
_3Publisher description _uhttp://www.loc.gov/catdir/enhancements/fy0652/2004001226-d.html |
| 942 |
_2ddc _cBB |
||
| 999 |
_c15124 _d15124 |
||